[Event "Bamberg op-B 5th"]
[Site "Bamberg"]
[Date "2023.07.29"]
[Round "5"]
[White "Kiesendahl, Roland"]
[Black "Kovalskyy, Alicia"]
[Result "1-0"]
[WhiteElo "1797"]
[BlackElo "1480"]
[PlyCount "75"]
[EventDate "2023.07.26"]
[EventType "swiss"]
[EventRounds "7"]
[EventCountry "GER"]
[SourceTitle "CBM 215 Extra"]
[Source "ChessBase"]
[SourceDate "2023.09.30"]
[SourceVersion "1"]
[SourceVersionDate "2023.09.30"]
[SourceQuality "1"]

1. e4 e5 2. Nf3 Nc6 3. Nc3 Nf6 4. d4 exd4 5. Nxd4 Bb4 6. Nxc6 bxc6 7. Bd3 d5 8. exd5 cxd5 9. 0-0 0-0 10. h3 c6 11. Qf3 Rb8 12. Bf4 Bd6 13. b3 Be6 14. Ne2 c5 15. Bxd6 Qxd6 16. Nf4 Rb4 17. Nxe6 fxe6 18. c4 a5 19. Qd1 Qc6 20. Qc2 d4 21. Rfe1 a4 22. Re5 axb3 23. axb3 Qb6 24. Rae1 Rxb3 25. Rxe6 Qb4 26. Re7 Rb2 27. Qc1 Qd2 28. Qxd2 Rxd2 29. Bf1 Rc8 30. Rb1 Kf8 31. Rbb7 Ne8 32. Rbd7 Rb8 33. Be2 Rb1+ 34. Kh2 Re1 35. Rf7+ Kg8 36. Bf3 d3 37. Bd5 Nf6 38. Rxf6+ 1-0

[Event "Nuremberg op"]
[Site "Nuremberg"]
[Date "2019.11.17"]
[Round "4"]
[White "Schims, Mike"]
[Black "Kiesendahl, Roland"]
[Result "0-1"]
[WhiteElo "2088"]
[BlackElo "1755"]
[PlyCount "123"]
[EventDate "2019.11.15"]
[EventType "swiss"]
[EventRounds "5"]
[EventCountry "GER"]
[SourceTitle "CBM 193 Extra"]
[Source "ChessBase"]
[SourceDate "2020.01.31"]
[SourceVersion "1"]
[SourceVersionDate "2020.01.31"]
[SourceQuality "1"]

1. d4 Nf6 2. c4 e6 3. Nc3 Bb4 4. e3 d5 5. Bd3 0-0 6. Nge2 b6 7. cxd5 exd5 8. Qa4 Be7 9. 0-0 c5 10. Ng3 Re8 11. dxc5 bxc5 12. Rd1 Bd7 13. Qc2 Nc6 14. a3 g6 15. Bd2 Rb8 16. Rac1 c4 17. Bf1 Na5 18. Be1 Be6 19. h3 Qb6 20. Nce2 Nb3 21. Rb1 Red8 22. Bc3 Ne8 23. Nd4 Bf6 24. Be2 Nxd4 25. Bxd4 Bxd4 26. Rxd4 Nf6 27. Rf4 Nd7 28. Bd1 Nc5 29. Qc3 Nd3 30. Rd4 Nc5 31. Bc2 Qc7 32. Rf4 Rb6 33. h4 Nd7 34. h5 Qe5 35. Rd4 Rdb8 36. h6 f5 37. Ne2 Qf6 38. f3 Qf8 39. Nf4 Qxh6 40. Rxd5 Bxd5 41. Nxd5 Re6 42. Qxc4 Nb6 43. Qc7 Qf8 44. Bb3 Nxd5 45. Bxd5 Rbe8 46. Qc4 Kf7 47. Rd1 Qe7 48. Bxe6+ Qxe6 49. Rd7+ Kf8 50. Qxe6 Rxe6 51. Kf2 Rb6 52. b4 Ra6 53. Rd3 Ke7 54. Ke2 Rc6 55. Kd2 Rc7 56. b5 Rb7 57. a4 Rc7 58. Rd4 Ke6 59. a5 Rb7 60. Rb4 Kd5 61. e4+ Kc5 62. Rb3 0-1

[Event "Mittelfranken-chTB2b 1819"]
[Site "Mittelfranken"]
[Date "2019.02.10"]
[Round "5.4"]
[White "Kiesendahl, Roland"]
[Black "Novotny, Johannes"]
[Result "1-0"]
[WhiteElo "1657"]
[BlackElo "1715"]
[PlyCount "79"]
[EventDate "2018.10.14"]
[EventType "team-tourn"]
[EventRounds "9"]
[EventCountry "GER"]
[SourceTitle "EXT 2022"]
[Source "ChessBase"]
[SourceDate "2021.10.06"]
[SourceVersion "1"]
[SourceVersionDate "2021.10.06"]
[SourceQuality "1"]
[WhiteTeam "Erlangen SC IV"]
[BlackTeam "Muehlhof/Schwabach II"]
[WhiteTeamCountry "GER"]
[BlackTeamCountry "GER"]

1. d4 Nf6 2. c4 g6 3. Nc3 Bg7 4. e4 d6 5. Be2 0-0 6. h3 c5 7. d5 Nbd7 8. Be3 Qa5 9. Qd2 Qb4 10. Rc1 Nb6 11. b3 a5 12. Nf3 a4 13. 0-0 axb3 14. axb3 Ra3 15. Bd1 Bd7 16. Qc2 Qa5 17. Bd2 Qa6 18. Be2 Ra8 19. Bd3 Ne8 20. Rfe1 e5 21. dxe6 Bxe6 22. Ng5 Bd7 23. f4 Qa7 24. f5 Qb8 25. fxg6 hxg6 26. Rf1 Nf6 27. Bf4 Nh5 28. Bh2 Bd4+ 29. Kh1 Qf8 30. Nxf7 Qg7 31. Nxd6 Be5 32. Ndb5 Bxh2 33. Kxh2 Qe5+ 34. Kg1 Bxb5 35. cxb5 Nf4 36. Bc4+ Kg7 37. Rf3 Nxc4 38. bxc4 Rxc3 39. Rxc3 Qxc3 40. Qxc3+ 1-0

[Event "Mittelfranken-chTB2b 1819"]
[Site "Mittelfranken"]
[Date "2018.10.14"]
[Round "1.4"]
[White "Cipra, Lothar"]
[Black "Kiesendahl, Roland"]
[Result "1-0"]
[WhiteElo "1878"]
[BlackElo "1657"]
[PlyCount "71"]
[EventDate "2018.10.14"]
[EventType "team-tourn"]
[EventRounds "9"]
[EventCountry "GER"]
[SourceTitle "EXT 2022"]
[Source "ChessBase"]
[SourceDate "2021.10.06"]
[SourceVersion "1"]
[SourceVersionDate "2021.10.06"]
[SourceQuality "1"]
[WhiteTeam "Schwanstetten"]
[BlackTeam "Erlangen SC IV"]
[WhiteTeamCountry "GER"]
[BlackTeamCountry "GER"]

1. d4 d5 2. c4 c6 3. Nf3 Nf6 4. Nc3 Bf5 5. Bg5 e6 6. e3 Nbd7 7. Bd3 Bxd3 8. Qxd3 Be7 9. 0-0 0-0 10. Rac1 Re8 11. h3 h6 12. Bf4 Nf8 13. Ne5 Bd6 14. Bh2 Bxe5 15. Bxe5 Ng6 16. Bg3 dxc4 17. Qxc4 e5 18. Rfd1 exd4 19. Rxd4 Qe7 20. Rcd1 Red8 21. Bd6 Qe8 22. e4 Nf8 23. e5 N6h7 24. f4 Ne6 25. R4d3 Nhf8 26. h4 Rac8 27. f5 Nc7 28. Rg3 Nb5 29. Qg4 g6 30. Ne4 Nh7 31. fxg6 fxg6 32. Qxg6+ Qxg6 33. Rxg6+ Kf7 34. Rxh6 Rh8 35. h5 Rcd8 36. Rf1+ 1-0